000 00435nam a22001817a 4500
003 MPLRDC
005 20220104142915.0
008 210129b ||||| |||| 00| 0 eng d
082 _a490.8 XGN v.9
100 _a黄柏松主编
245 _a企业预知学
_c
250 _a初版
260 _a
_b金文图书有限公司
_c1984
300 _b
490 _a新观念经营管理;9
650 _a
942 _cBK
_o490.8 XGN v.9
999 _c34772
_d34762